№ 54; Наше наследие

Detaylı Bibliyografya
Parent link:Наше наследие: историко-культурный журнал/ Российский фонд культуры (РФК). № 54.— , 1989-1991, 1995-2010.— 0234-1395
Dil:Rusça
Baskı/Yayın Bilgisi: 2000
Materyal Türü: MixedMaterials Kitap
KOHA link:https://koha.lib.tpu.ru/cgi-bin/koha/opac-detail.pl?biblionumber=526964

MARC

LEADER 00000nam2a2200000 4500
001 526964
005 20231101111759.0
035 |a (RuTPU)RU\TPU\prd\210479 
035 |a RU\TPU\prd\210478 
090 |a 526964 
100 |a 20140122a20009999m y0rusy50 ca 
101 0 |a rus 
102 |a RU 
200 0 |a № 54 
210 |d 2000 
461 1 |0 (RuTPU)RU\TPU\prd\1595  |x 0234-1395  |t Наше наследие  |o историко-культурный журнал  |f Российский фонд культуры (РФК)  |v № 54  |d 1989-1991, 1995-2010 
801 0 |a RU  |b 63413507  |c 20010227  |g PSBO 
801 1 |a RU  |b 63413507  |c 20100629 
801 2 |a RU  |b 63413507  |c 20140122  |g RCR 
942 |c BK 
999 |a НТБ_ТПУ  |b НФ  |e -4/20140109  |p П-5560  |u 0,00  |v 1